La Població de Vic : anàlisi demogràfica i noves tendències de poblament : 1975-1991 / treball realitzat pel Centre d'Estudis Demogràfics de la Universitat Autònoma de Barcelona anàlisi demogràfica i noves tendències de poblament :
ISBN:
84-7602-149-6
Descripción Física:
140 p. : il., taules, gràf. ; 22 cm
Colección:
Estudis / Ajuntament de Vic ; 5
Materias:
Vic -- Població -- 1975/1991
MARC
| LEADER | 00000nam a2200000Ia 4500 | ||
|---|---|---|---|
| 001 | 15310 | ||
| 008 | 160829s1992 xx 000 0 cat d | ||
| 020 | |a 84-7602-149-6 | ||
| 080 | |a M-4-306 | ||
| 245 | |a La Població de Vic : |b anàlisi demogràfica i noves tendències de poblament : |b 1975-1991 / treball realitzat pel Centre d'Estudis Demogràfics de la Universitat Autònoma de Barcelona | ||
| 260 | |a [Vic] : |b Ajuntament de Vic, |c 1992 | ||
| 300 | |a 140 p. : |b il., taules, gràf. ; |c 22 cm | ||
| 490 | |a Estudis / Ajuntament de Vic ; 5 | ||
| 590 | |a Bibliografia | ||
| 650 | |a Vic |x Població |x 1975/1991 |9 30669 | ||
| 710 | 2 | |a Vic (Catalunya). |b Ajuntament |9 51911 | |
| 710 | |a Centre d'Estudis Demogràfics |9 52869 | ||
| 901 | |a Arxiu | ||
| 942 | |n 1 | ||
| 952 | |0 0 |1 0 |4 0 |6 M4306 |7 1 |9 45479 |a Arxiu |b Arxiu |d 2016-12-01 |l 0 |o M-4-306 |p 15310 |r 2016-12-01 00:00:00 |w 2016-12-01 |y ARXIU | ||
| 999 | |c 48644 |d 48644 | ||